000 00908nam a2200229Ia 4500
005 20240530102912.0
008 140319s1975 xx 000 0 ara d
040 _aGCL /
_cGCL
082 0 4 _a413.1 /
_bا ح
100 1 _aعبدالنبى بن عبدالرسول الاحمد نكرى
245 1 0 _aجامع العلوم فى اصطلاحات الفنون :
_bالملقب بدستور العلماء /
_cعبدالنبى بن عبدالرسول الاحمد نكرى
260 _aبيروت :
_bمؤسسة الاعلى للمطبوعات ،
_c1975
300 _aمتعدد ؛
_b24 سم
650 0 4 _aاللغة العربية
650 0 4 _aدستور العلماء
650 0 4 _aالمعاجم
650 0 4 _aالعلوم عند العرب
650 0 4 _aالحضارة الاسلامية
650 0 4 _aالمصطلحات
942 _2ddc
_cBK
999 _c35260
_d35260